000 00436nam a2200157 4500
001 869
005 20181127162227.0
008 910930s1991 nyu 000 0 eng d
010 _a91012109
020 _a0688084893
100 1 _aSheldon, Sidney.
245 1 4 _aThe doomsday conspiracy /
_cSidney Sheldon.
260 _aLondon :
_bHarperCollins,
_c1993.
300 _a412 p. ;
_c24 cm.
650 _aExtraterrestrial beings --Fiction.
_v
_x
_y
_z
_2
999 _c622
_d622